Humberts into the eighties (Record no. 94510)

MARC details
000 -LEADER
fixed length control field 00655cam a2200229 4500
001 - CONTROL NUMBER
control field D1216
008 - FIXED-LENGTH DATA ELEMENTS--GENERAL INFORMATION
fixed length control field 071126s1980 xxka f 000 0ceng
035 ## - SYSTEM CONTROL NUMBER
System control number (Sirsi) u63093
041 ## - LANGUAGE CODE
Language code of text/sound track or separate title eng
050 04 - LIBRARY OF CONGRESS CALL NUMBER
Classification number 920 $2 18
100 1# - MAIN ENTRY--PERSONAL NAME
Personal name Barber, Derek
245 00 - TITLE STATEMENT
Title Humberts into the eighties
Remainder of title a history of Humberts Chartered Surveyors from 1842 to 1980
260 ## - PUBLICATION, DISTRIBUTION, ETC.
Place of publication, distribution, etc. [London]
Name of publisher, distributor, etc. [Humberts]
Date of publication, distribution, etc. 1980
300 ## - PHYSICAL DESCRIPTION
Extent 101 p.
Other physical details ill.
Dimensions 21 cm.
350 ## - PRICE (NR) (BK AM CF MU VM SE) [OBSOLETE]
Price 0
520 ## - SUMMARY, ETC.
Summary, etc. A history of the firm of Humberts.
610 24 - SUBJECT ADDED ENTRY--CORPORATE NAME
Corporate name or jurisdiction name as entry element Humberts
9 (RLIN) 2317
651 #4 - SUBJECT ADDED ENTRY--GEOGRAPHIC NAME
Geographic name United Kingdom
Chronological subdivision
690 ## - LOCAL SUBJECT ADDED ENTRY--TOPICAL TERM (OCLC, RLIN)
Topical term or geographic name as entry element ABOUT RICS-RICS MEMBERS-CHARTERED SURVEYORS
942 ## - ADDED ENTRY ELEMENTS (KOHA)
Suppress in OPAC 0
948 ## - LOCAL PROCESSING INFORMATION (OCLC); SERIES PART DESIGNATOR (RLIN)
c (OCLC) 04/03/1997
Holdings
Withdrawn status Lost status Source of classification or shelving scheme Damaged status Not for loan Home library Current library Shelving location Date acquired Total Checkouts Full call number Barcode Date last seen Copy number Price effective from Koha item type
    Dewey Decimal Classification     London London Reference copy 01/10/1993   920 BAR 30034491 06/08/2019 1 06/08/2019 Book